000 01071cam a2200289 a 4500
001 12744618
003 OSt
005 20150928110855.0
008 020417s2003 maua b 001 0 eng
010 _a 2002069587
020 _a0072823267 (softcover : acidfree paper)
040 _aSEKU
050 0 0 _aPE 1417
_b.M8 2003
100 _4Muller, Gilbert H.,
245 0 4 _aThe short prose reader /
_c[compiled by] Gilbert H. Muller, Harvey S. Wiener.
250 _a10th ed.
260 _aBoston :
_bMcGraw-Hill,
_c2003.
300 _axxviii, 516, A 1-37, G 1-12, C 1-6, I 1-4 p. :
_bill. ;
_c22 cm.
504 _aIncludes bibliographical references (p. C 1-6) and index.
650 0 _aCollege readers.
650 0 _aEnglish language
_xRhetoric
_vProblems, exercises, etc.
650 0 _aReport writing
_vProblems, exercises, etc.
700 1 _aWiener, Harvey S.
856 4 2 _3Publisher description
_uhttp://www.loc.gov/catdir/description/mh024/2002069587.html
856 4 1 _3Table of contents
_uhttp://www.loc.gov/catdir/toc/mh023/2002069587.html
942 _2lcc
_cGEN
999 _c9265
_d9265